000 01599nam a2200301 a 4500
001
003 DO-SdBNP
005 20220125124252.0
007
008 090717s1994 dr a 000 0 spa d
040 _aBPMSU
_bspa
_cBPMSU
082 4 _a923.27293
_bD812h1994
_222
245 1 0 _aDuarte en la historiografía dominicana /
_crecopilación y notas de Jorge Tena Reyes ; índices por José Alcántara Almánzar.
260 _aSanto Domingo :
_bComisión Oficial para la Celebración del Sesquicentenario de la Independencia Nacional,
_c1994
300 _a810 p. ;
_c23 cm.
_b
490 0 _aSesquicentenario de la Independencia Nacional,
_v3
500 _aIncluye índice
504 _aBibliografía : p. 735-748.
505 0 _8Introducción -- Cronología de Duarte / Pedro L. Bergés Vidal -- Juan Pablo Duarte y Diez / Máximo Coiscou Henríquez -- La ascendencia paterna de Juan Pablo Duarte / Emilio Tejera -- La partida / Joaquín Balaguer -- Antecedentes de la invasión haitiana de 1822 / Víctor Garrido -- La invasión de Boyer / Frank Moya Pons -- Influencia de la iglesia católica en la formación de la nacionalidad y en la creación de la República Dominicana / Leónidas García Lluberes
590 _6Inventariado, 2021/VM
600 1 4 _aDuarte, Juan Pablo
_d1813-1876
650 4 _aDuarte y Diez , Juan Pablo
_d1813-1876
651 4 _aRepública Dominicana
_xHistoria
_y1844-1930
700 1 _aTena Reyes, Jorge
710 2 _aComisión Oficial para la Celebración del Sesquicentenario de la Independencia Nacional
910 _aVMateo V.
942 _2ddc
_cBK
999 _c13469
_d13469